Words for Numbers - Statistics

General Stats
  • This quiz has been taken 336 times
    109 since last reset
  • The average score is 6 of 13
Answer Stats
Number Name % Correct
12 dozen
90%
3.14159265358979323846... {pi}
89%
13 baker's dozen
73%
10100 googol
63%
20 score
49%
2.71828182845904523536... {Euler}'s number
47%
6.02214076×1023 {Avogadro} number
45%
1010100 googolplex
41%
144 gross
33%
1.61803398874989484820... {golden} {ratio}
32%
6.28318530717958647692... {tau}
26%
10000 myriad
10%
1728 {great} {gross}
4%
No matching quizzes found
Score Distribution
Percent of People with Each Score
Percentile by Number Answered
Your Score History
You have not taken this quiz since the last reset